000 00416nam a2200181Ia 4500
001 3735
005 20260306145705.0
008 260306t2016||||xx |||||||||||||| ||spa||
041 _aESP
082 _a302.224
_bS17
100 _aSalcedo, Antonio
_eAUT
245 0 _aComunicación persuasiva
260 _c2016
300 _a34 pƔginas :
_c30 cm.
650 _aGEN
654 _aCED
942 _cLIB
_dJUS
_fJUS
_2ddc
_n
999 _c3735
_d3735